000 00638cam a22002293a 4500
001 27329
003 PGUSA
005 20140828083606.0
008 081126s2008||||xxu|||||s|||||000 | eng d
040 _aPGUSA
_beng
042 _adc
050 4 _aPL
100 1 _aDongshanyunzhongdaoren
245 1 0 _a唐鍾馗平鬼傳
_h[electronic resource] /
_cDongshanyunzhongdaoren
260 _bProject Gutenberg,
_c2008
506 _aPublic domain in the USA.
516 _aElectronic text
740 0 _aTang Zhong Kui ping gui zhuan
830 0 _aProject Gutenberg
_v27329
856 4 0 _uhttp://www.gutenberg.org/ebooks/27329
942 _cEB
999 _c256584
_d256584